Indian women novelists with a focus on feminist and women studies. Set I. Vol 3. (Record no. 102046)

MARC details
000 -LEADER
fixed length control field 00507nam a2200169Ia 4500
008 - FIXED-LENGTH DATA ELEMENTS--GENERAL INFORMATION
fixed length control field 210210b1991 xxu||||| |||| 00| 0 eng d
020 ## - INTERNATIONAL STANDARD BOOK NUMBER
International Standard Book Number 81 85218 43 9
082 ## - DEWEY DECIMAL CLASSIFICATION NUMBER
Classification number 820.309 DHAI
100 ## - MAIN ENTRY--PERSONAL NAME
Personal name DHAWAN (R K), Ed.
245 ## - TITLE STATEMENT
Title Indian women novelists with a focus on feminist and women studies. Set I. Vol 3.
260 ## - PUBLICATION, DISTRIBUTION, ETC.
Place of publication, distribution, etc. New Delhi.
Name of publisher, distributor, etc. Prestiege Books.,
Date of publication, distribution, etc. 1991
300 ## - PHYSICAL DESCRIPTION
Extent 255
440 ## - SERIES STATEMENT/ADDED ENTRY--TITLE
Title 3
650 ## - SUBJECT ADDED ENTRY--TOPICAL TERM
Topical term or geographic name entry element Anita Desai, Rama Mehta, Gita Mehta<br/><br/>
690 ## - LOCAL SUBJECT ADDED ENTRY--TOPICAL TERM (OCLC, RLIN)
Topical term or geographic name as entry element Indian English Criticism
906 ## - LOCAL DATA ELEMENT F, LDF (RLIN)
a 053859
Holdings
Withdrawn status Lost status Damaged status Not for loan Collection code Home library Current library Shelving location Date acquired Cost, normal purchase price Total Checkouts Full call number Barcode Date last seen Price effective from Koha item type
          St Aloysius Library St Aloysius Library   02/17/2021 0.00   820.309 DHAI 053859 02/17/2021 02/17/2021 Book